<?xml version='1.0' encoding='UTF-8'?>
  <record xmlns="http://www.loc.gov/MARC21/slim">
    <leader>00000cam a2200000 i 4500</leader>
    <controlfield tag="001">ocm19864844</controlfield>
    <controlfield tag="003">OCoLC</controlfield>
    <controlfield tag="005">20250814114014.2</controlfield>
    <controlfield tag="008">890613s1562    fr            001 0 lat d</controlfield>
    <datafield tag="040" ind1=" " ind2=" ">
      <subfield code="a">EMT</subfield>
      <subfield code="b">eng</subfield>
      <subfield code="e">rda</subfield>
      <subfield code="e">dcrmr</subfield>
      <subfield code="c">EMT</subfield>
      <subfield code="d">OCLCG</subfield>
      <subfield code="d">P4I</subfield>
      <subfield code="d">OCLCQ</subfield>
      <subfield code="d">OCLCF</subfield>
      <subfield code="d">OCLCQ</subfield>
      <subfield code="d">OCLCO</subfield>
      <subfield code="d">OCLCQ</subfield>
      <subfield code="d">OCLCA</subfield>
      <subfield code="d">OCLCO</subfield>
      <subfield code="d">OCLCQ</subfield>
      <subfield code="d">QGJ</subfield>
      <subfield code="d">OCLCO</subfield>
      <subfield code="d">OCLCL</subfield>
      <subfield code="d">QGJ</subfield>
    </datafield>
    <datafield tag="066" ind1=" " ind2=" ">
      <subfield code="c">(S</subfield>
    </datafield>
    <datafield tag="035" ind1=" " ind2=" ">
      <subfield code="a">(OCoLC)19864844</subfield>
    </datafield>
    <datafield tag="041" ind1="0" ind2=" ">
      <subfield code="a">lat</subfield>
      <subfield code="a">gre</subfield>
      <subfield code="a">ger</subfield>
    </datafield>
    <datafield tag="050" ind1="1" ind2="4">
      <subfield code="a">BX1763</subfield>
      <subfield code="b">.C3 1562</subfield>
    </datafield>
    <datafield tag="100" ind1="1" ind2=" ">
      <subfield code="a">Flacius Illyricus, Matthias,</subfield>
      <subfield code="d">1520-1575,</subfield>
      <subfield code="e">author.</subfield>
      <subfield code="4">aut</subfield>
      <subfield code="1">https://id.oclc.org/worldcat/entity/E39PBJpPwYQQxmhhtQH7DFqYT3</subfield>
    </datafield>
    <datafield tag="245" ind1="1" ind2="0">
      <subfield code="a">Catalogus testium ueritatis, :</subfield>
      <subfield code="b">qui ante nostram aetatem Pontifici Romano, eiúsque erroribus reclamarunt: iam denuó longé quám antea, &amp; emendatior &amp; auctior editus. Opus uaria rerum, hoc praesertim tempore scitu dignissimarum, cognitione refertum, ac lectu cumprimis utile atq[ue] necessarium: in quo praeter alia multi utiles libelli, multae etiã[m] historiae proferuntur, quarum pleraeq[ue] nusquam alibi extant. Appendici quoq[ue] ad calcem adiecto, inserta est Vera Demonstratio, Quòd electio Praesulum &amp; Episcoporum non ad Ecclesiasticos solum, sed &amp; ad Laicos, ut uocant, pertineat: quodq[ue] hi, hoc iure Electionis iam inde usq[ue] à Christi temporibus ad Annos 1500 sint usi. Cum praefatione Mathiae Flacii Illyrici, qua Operis huius &amp; ratio &amp; usus exponitur. Acceßit &amp; Rerum atq[ue] uerborum toto Opere memorabilium copiosus Index.</subfield>
    </datafield>
    <datafield tag="246" ind1="3" ind2=" ">
      <subfield code="a">Catalogvs testium ueritatis</subfield>
    </datafield>
    <datafield tag="246" ind1="3" ind2=" ">
      <subfield code="a">Catalogus testium veritatis</subfield>
    </datafield>
    <datafield tag="246" ind1="1" ind2="7">
      <subfield code="a">Testes veritatis temporum superiorum contra papam</subfield>
    </datafield>
    <datafield tag="246" ind1="1" ind2="7">
      <subfield code="a">Catalogi test. veritatis</subfield>
    </datafield>
    <datafield tag="264" ind1=" " ind2="1">
      <subfield code="a">Argentinae, :</subfield>
      <subfield code="b">apud Paulum Machaeropoeum, sumptibus Ioannis Oporini,</subfield>
      <subfield code="c">1562.</subfield>
    </datafield>
    <datafield tag="300" ind1=" " ind2=" ">
      <subfield code="a">[12], 586, [14], 58 pages ;</subfield>
      <subfield code="c">31 cm (folio)</subfield>
    </datafield>
    <datafield tag="336" ind1=" " ind2=" ">
      <subfield code="a">text</subfield>
      <subfield code="b">txt</subfield>
      <subfield code="2">rdacontent</subfield>
    </datafield>
    <datafield tag="337" ind1=" " ind2=" ">
      <subfield code="a">unmediated</subfield>
      <subfield code="b">n</subfield>
      <subfield code="2">rdamedia</subfield>
    </datafield>
    <datafield tag="338" ind1=" " ind2=" ">
      <subfield code="a">volume</subfield>
      <subfield code="b">nc</subfield>
      <subfield code="2">rdacarrier</subfield>
    </datafield>
    <datafield tag="340" ind1=" " ind2=" ">
      <subfield code="m">folio</subfield>
      <subfield code="2">rdabf</subfield>
    </datafield>
    <datafield tag="500" ind1=" " ind2=" ">
      <subfield code="a">Imprint: Argentinae, 1562.</subfield>
    </datafield>
    <datafield tag="500" ind1=" " ind2=" ">
      <subfield code="a">Colophon of main work: Excusum Argentinae Apud Paulum Machaeropoeum, sumptibus Ioannis Oporini, Anno M.D.LXII.</subfield>
    </datafield>
    <datafield tag="500" ind1=" " ind2=" ">
      <subfield code="a">Colophon of Appendix: Basileae, ex officina Ioannis Oporini, anno salutis humanae M.D.LXII. Mense Martio.</subfield>
    </datafield>
    <datafield tag="500" ind1=" " ind2=" ">
      <subfield code="a">Publication statement taken from colophon of main work.</subfield>
    </datafield>
    <datafield tag="500" ind1=" " ind2=" ">
      <subfield code="6">880-01</subfield>
      <subfield code="a">Includes index.</subfield>
    </datafield>
    <datafield tag="500" ind1=" " ind2=" ">
      <subfield code="a">Initials.</subfield>
    </datafield>
    <datafield tag="500" ind1=" " ind2=" ">
      <subfield code="a">Numerous pagination errors.</subfield>
    </datafield>
    <datafield tag="510" ind1="4" ind2=" ">
      <subfield code="a">Adams, H.M. Catalogue of books printed on the continent of Europe, 1501-1600, in Cambridge libraries,</subfield>
      <subfield code="c">F 553</subfield>
    </datafield>
    <datafield tag="510" ind1="4" ind2=" ">
      <subfield code="a">Verzeichnis der im deutschen Sprachbereich erschienenen Drucke des 16. Jahrhunderts (VD 16),</subfield>
      <subfield code="c">F 1294</subfield>
      <subfield code="u">https://gateway-bayern.de/VD16+F+1294</subfield>
    </datafield>
    <datafield tag="546" ind1=" " ind2=" ">
      <subfield code="a">Text in Latin with some passages in Greek and German.</subfield>
    </datafield>
    <datafield tag="650" ind1=" " ind2="0">
      <subfield code="a">Theology, Doctrinal.</subfield>
    </datafield>
    <datafield tag="610" ind1="2" ind2="0">
      <subfield code="a">Catholic Church</subfield>
      <subfield code="v">Controversial literature.</subfield>
    </datafield>
    <datafield tag="650" ind1=" " ind2="0">
      <subfield code="a">Waldenses</subfield>
      <subfield code="x">History</subfield>
      <subfield code="v">Sources.</subfield>
    </datafield>
    <datafield tag="650" ind1=" " ind2="6">
      <subfield code="a">Théologie dogmatique.</subfield>
    </datafield>
    <datafield tag="610" ind1="2" ind2="6">
      <subfield code="a">Église catholique</subfield>
      <subfield code="v">Ouvrages de controverse.</subfield>
    </datafield>
    <datafield tag="650" ind1=" " ind2="6">
      <subfield code="a">Vaudois (Mouvement)</subfield>
      <subfield code="x">Histoire</subfield>
      <subfield code="v">Sources.</subfield>
    </datafield>
    <datafield tag="610" ind1="2" ind2="7">
      <subfield code="a">Catholic Church</subfield>
      <subfield code="2">fast</subfield>
    </datafield>
    <datafield tag="650" ind1=" " ind2="7">
      <subfield code="a">Theology, Doctrinal</subfield>
      <subfield code="2">fast</subfield>
    </datafield>
    <datafield tag="650" ind1="1" ind2="7">
      <subfield code="a">Rooms-Katholieke Kerk.</subfield>
      <subfield code="2">gtt</subfield>
      <subfield code="0">(NL-LeOCL)078653223</subfield>
    </datafield>
    <datafield tag="655" ind1=" " ind2="7">
      <subfield code="a">Controversial literature</subfield>
      <subfield code="2">fast</subfield>
    </datafield>
    <datafield tag="655" ind1=" " ind2="7">
      <subfield code="a">Polemieken (vorm)</subfield>
      <subfield code="2">gtt</subfield>
      <subfield code="0">(NL-LeOCL)088144399</subfield>
    </datafield>
    <datafield tag="700" ind1="1" ind2=" ">
      <subfield code="a">Messerschmidt, Paul,</subfield>
      <subfield code="e">printer.</subfield>
      <subfield code="4">prt</subfield>
      <subfield code="1">https://id.oclc.org/worldcat/entity/E39PCjrwrpWCPR9tCQWFGXBbHP</subfield>
    </datafield>
    <datafield tag="700" ind1="1" ind2=" ">
      <subfield code="a">Oporinus, Joannes,</subfield>
      <subfield code="d">1507-1568,</subfield>
      <subfield code="e">publisher.</subfield>
      <subfield code="4">pbl</subfield>
      <subfield code="1">https://id.oclc.org/worldcat/entity/E39PBJjMFW8PFDM7bqhQkh3xXd</subfield>
    </datafield>
    <datafield tag="752" ind1=" " ind2=" ">
      <subfield code="a">France</subfield>
      <subfield code="d">Strasbourg,</subfield>
      <subfield code="e">publication place.</subfield>
      <subfield code="4">pup</subfield>
    </datafield>
    <datafield tag="752" ind1=" " ind2=" ">
      <subfield code="a">Switzerland</subfield>
      <subfield code="d">Basel,</subfield>
      <subfield code="e">publication place.</subfield>
      <subfield code="4">pup</subfield>
    </datafield>
    <datafield tag="758" ind1=" " ind2=" ">
      <subfield code="i">has work:</subfield>
      <subfield code="a">Catalogus testium ueritatis (Text)</subfield>
      <subfield code="1">https://id.oclc.org/worldcat/entity/E39PCGwDFhY9w74gxwkdW8chgX</subfield>
      <subfield code="4">https://id.oclc.org/worldcat/ontology/hasWork</subfield>
    </datafield>
    <datafield tag="776" ind1="0" ind2="8">
      <subfield code="i">Online version:</subfield>
      <subfield code="a">Flacius Illyricus, Matthias, 1520-1575.</subfield>
      <subfield code="t">Catalogus testium ueritatis.</subfield>
      <subfield code="d">Argentinae [i.e. Strasbourg] : [s.n.], 1562</subfield>
      <subfield code="w">(OCoLC)682414277</subfield>
    </datafield>
    <datafield tag="880" ind1=" " ind2=" ">
      <subfield code="6">500-01/(S</subfield>
      <subfield code="a">Signatures: α⁶, B-Z⁶, Aa-Zz⁶, aaa-eee⁶, AA-EE⁶ (α1 unsigned; α6v, eee6, EE6 are blank).</subfield>
    </datafield>
  </record>